Immigration Dänemark - Statistiken

Allgemein
  • Dieses Quiz wurde 68 mal gespielt
  • Das Durchschnittsergebnis liegt bei 14 aus 20
Antwortstatistiken
Platz Land Anzahl % Korrekt
5. Deutschland 36.751
100%
14. Norwegen 17.574
98%
15. Schweden 17.442
98%
2. Polen 52.008
93%
3. Syrien 44.819
85%
6. Irak 34.703
80%
10. Iran 23.113
80%
1. Türkei 76.295
80%
13. Vereinigtes Königreich 17.859
78%
16. Indien 16.839
77%
20. China 15.350
75%
18. Ukraine 16.433
73%
12. Afghanistan 20.370
72%
7. Pakistan 31.721
65%
4. Rumänien 39.406
63%
19. Litauen 15.982
53%
8. Libanon 31.082
48%
17. Vietnam 16.476
35%
9. Bosnien und Herzegowina 23.564
32%
11. Somalia 21.427
28%
Keine übereinstimmenden Quizze gefunden
Verteilung der Resultate
Anzahl Personen mit jedem Resultat
Perzentil nach korrekt beantworteten Fragen
Ihre Resultats-Entwicklung
Sie haben dieses Quiz noch nicht gespielt